A to Z: Cuisine (Part 1) - Statistics

General Stats
  • This quiz has been taken 18 times
  • The average score is 12 of 26
Answer Stats
Hint Answer % Correct
F Ground chick pea balls/patties, a staple of Mediterranean food Falafel
83%
H Foods that can be eaten by muslims Halal
83%
K Food that has been blessed by a rabbi Kosher
83%
B A desert involving a layer of cake, a layer of ice cream, and a baked merringue, named after a US state Baked Alaska
78%
L Includes foods such as peanuts, chick peas, and string beans Legume
78%
P A traditional Spanish dish involving rice, meat, and seafood, spiced with saffron Paella
78%
V Contains no animal products Vegan
78%
G Cold tomato soup Gazpacho
72%
R A French dish consisting of stewed vegetables such as tomato and eggplant Ratatouille
67%
E The difference between a croque madame and a croque monsieur Egg
61%
J A massive, spiky fruit native to South and Southeast Asia Jackfruit
61%
S These triangular pastries are often stuffed with meat and are served across India, North Africa, and the Middle East Samosa
61%
D A Cantonese dish involving several small dishes of dumplings Dim sum
56%
W Slender sausage named for its origins in Vienna Wiener
50%
N A thin, roasted seaweed used to wrap seaweed Nori
44%
U Japanese term for eel Unagi
39%
Z A tube-shaped pasta used in many pasta bakes Ziti
39%
T Root common in bubble tea and eastern snacks, often turning them a purple color Taro
28%
A A spicy sausage used in French and Cajun cooking Andouille
22%
Y A nickname for uranium powder based on its resemblance to this desert Yellow cake
22%
M A mix of diced carrots, onions, and celery: a must for many soups Mirepoix
17%
O Notably, this bizarre ice cream flavor can be found in Japan Octopus
11%
C Steak cooked on a skewer and served with chimichurri sauce: a favorite in Brazil Churrasco
6%
I A large, spongey flatbread which is used as silverware and served with many different stews in Ethiopia Injera
6%
Q A Mexican appetizer involving bubbling fried cheese in a hot cast-iron skillet Queso fundido
6%
X Steak topped with asparagus and Swiss cheese Xavier steak
0%
No matching quizzes found
Score Distribution
Percent of People with Each Score
Percentile by Number Answered
Your Score History
You have not taken this quiz